| 000 | 00705nam a2200205 i 4500 | ||
|---|---|---|---|
| 001 | 93351 | ||
| 003 | ES-MaACL | ||
| 005 | 20230906181157.0 | ||
| 007 | t| | ||
| 008 | 050520s1952 sp ||||1| spa d | ||
| 245 | 0 | 0 |
_aMapa agronómico nacional _b: Escala 1:50.000. _pComarca de Talavera de la Reina. Memoria. |
| 260 |
_aMadrid : _b[s.n.], _c1952. |
||
| 300 |
_a2 v., 23 lám. col. ; _c25 cm. |
||
| 490 | 1 | _aMapa agronómico nacional | |
| 500 | _aPrecede al tit.: Ministerio de Agricultura. Servicio del Mapa Agronómico Nacional. | ||
| 650 | 1 | 4 |
_aAgricultura- _zEspaña- _vMapas. _99681 |
| 830 | 0 |
_aMapa agronómico nacional _9184287 |
|
| 852 |
_aES-MaACL _jC-5715-16 _bR.34676 |
||
| 999 |
_c93351 _d93351 |
||